000 00419nam a22001577a 4500
003 OSt
008 241028b |||||||| |||| 00| 0 eng d
020 _a9788189422721
082 _a621.47
_bRAT/RE
100 _aRathore, N.S
_95009
245 _aRenewable energy sources for sustainable development
260 _aNew Delhi
_bNew India Publishing Agency
_c2007
300 _a297 p
700 _aPanwar, N.L
942 _cBK
999 _c13759
_d13759